| 000 | 01176cam a22003377a 4500 | ||
|---|---|---|---|
| 003 | CHAP | ||
| 005 | 20220329141424.0 | ||
| 008 | 971013s1987 r 00010 d | ||
| 010 | _a67884 | ||
| 011 | _a68856 | ||
| 020 | _a847114042X | ||
| 035 | _a78330 | ||
| 040 | _cCHAP | ||
| 082 |
_a636.0831 _bG3 1987 |
||
| 100 | 0 | 0 |
_aGarcía Vaquero Vaquero, Emilio. _946699 |
| 245 | 0 |
_aDiseño y construcción de alojamientos ganaderos _c/por Emilio García Vaquero Vaquero |
|
| 250 | _a3 ed. | ||
| 260 |
_aMadrid : _bMundi-Prensa, _c1987. |
||
| 300 |
_a246 p. _b: ilus. |
||
| 590 |
_aBATCH-UPD _b10 _c20130110 _lUCH01 _h1504 |
||
| 590 |
_aBATCH-UPD _b10 _c20130410 _lUCH01 _h0924 |
||
| 590 |
_aBATCH-UPD _b10 _c20130914 _lUCH01 _h0448 |
||
| 590 |
_aCONVERSION _b10 _c20130109 _lUCH01 _h1337 |
||
| 650 | 1 | 4 |
_aAves de corral _xJaulas y equipo. _98656 |
| 650 | 1 | 4 |
_aGanado porcino _xAlojamiento. _945331 |
| 650 | 1 | 4 |
_aGanado vacuno _xAlojamiento. _945431 |
| 901 | _aBK | ||
| 942 | _cLIBRO | ||
| 949 |
_a636.0831 G3 1987 _bBC _cLIBRO _d33724000091658 _eLIBRO _gI.137481 _h71873 _i78330 _si _t53.16 |
||
| 949 |
_a636.0831 G3 1987 _bBC _cLIBRO _d33724000876744 _eLIBRO _fc.2 _gDonaciØn _h103327 _i78330 _si |
||
| 999 |
_c67884 _d67884 |
||